| 000 | 01192nam a2200253 i 4500 | ||
|---|---|---|---|
| 001 | 152921 | ||
| 003 | ES-MaACL | ||
| 005 | 20230906204929.0 | ||
| 008 | 931025s1772 sp |||| | spa d | ||
| 100 | 1 |
_aRubín de Celis, Manuel. _9149007 |
|
| 245 | 1 | 0 | _aJunta que en casa de D. Santos Celis tuvieron ciertos eruditos a la violeta y parecer que sobre dicho papel ha dado el mismo a D. Manuel Noriega haviendosele este pedido con las mayores instancias desde Sevilla. |
| 260 |
_aMadrid : _ben la Imprenta y Librería de D. Manuel Martin, _c1772. |
||
| 300 |
_a62 p. ; _c8º (14 cm) |
||
| 510 | 0 |
_aAguilar Piñal. Bib. S.XVIII, _cv. 7, 2211 |
|
| 530 | _aDisponible en formato digital. | ||
| 594 | _aSegún Piñal, es una sátira contra "Los eruditos a la violeta", de Cadalso. | ||
| 597 | _aSign.: A-C8, D7. | ||
| 600 | 1 | 4 |
_aCadalso, José ( _d1741-1782) _933373 |
| 650 | 4 |
_aSátira española- _yS.XVIII. _9167575 |
|
| 700 | 1 |
_aNoriega, Manuel. _9130524 |
|
| 740 | 4 | 2 | _aLos eruditos a la violeta. |
| 852 |
_aES-MaACL _jR-3192 _xOlim:T-1354-F-3 _z- Enc. piel marrón con hierros |
||
| 856 |
_uhttp://bdh-rd.bne.es/viewer.vm?id=0000081914&page=1 _zBiblioteca Digital Hispánica |
||
| 999 |
_c152921 _d152921 |
||